| 000 | 01343nam a2200349Ia 4500 | ||
|---|---|---|---|
| 001 | ebr10661633 | ||
| 003 | CaPaEBR | ||
| 006 | m u | ||
| 007 | cr cn||||||||| | ||
| 008 | 100702s2011 nyua sb 001 0 eng d | ||
| 010 | _z 2010027638 | ||
| 020 | _z9781617613692 | ||
| 020 | _z9781617612107 (hardcover) | ||
| 020 | _z1617612103 (hardcover) | ||
| 040 |
_aCaPaEBR _cCaPaEBR |
||
| 035 | _a(OCoLC)835981066 | ||
| 050 | 1 | 4 |
_aHF5415.5 _b.C835 2011eb |
| 082 | 0 | 4 |
_a658.8/12 _222 |
| 245 | 0 | 0 |
_aCustomer relations _h[electronic resource] / _cVictoria J. Farkas, editor. |
| 260 |
_aNew York : _bNova Science Publishers, _cc2011. |
||
| 300 |
_av, 158 p. : _bill. |
||
| 490 | 1 | _aBusiness issues, competition and entrepreneurship | |
| 504 | _aIncludes bibliographical references and index. | ||
| 533 |
_aElectronic reproduction. _bPalo Alto, Calif. : _cebrary, _d2013. _nAvailable via World Wide Web. _nAccess may be limited to ebrary affiliated libraries. |
||
| 650 | 0 | _aCustomer relations. | |
| 650 | 0 | _aMarketing. | |
| 655 | 7 |
_aElectronic books. _2local |
|
| 700 | 1 | _aFarkas, Victoria J. | |
| 710 | 2 | _aebrary, Inc. | |
| 830 | 0 | _aBusiness issues, competition and entrepreneurship series. | |
| 856 | 4 | 0 |
_uhttp://site.ebrary.com/lib/rucke/Doc?id=10661633 _zAn electronic book accessible through the World Wide Web; click to view |
| 999 |
_c65868 _d65868 |
||